000 00210 a2200097 4500
001 41899
100 _a
245 _aThe Book of Popular Science
260 _a
_bLexicon Publications
_c
090 _c25963
_d25963
942 _aNUST-CAE
_cM
_c17739
999 _c276972
_d276972